Tilastot visalle Maailman valtiot

Klikkaa tästä pelataksesi tätä visaa!

Yleistilastot

  • Tätä visaa on pelattu 477,725 kertaa
  • Keskiarvotulos 100 / 196

Vastaustilastot

Valtio % Oikein
Suomi
98%
Norja
97%
Ruotsi
97%
Venäjä
97%
Italia
96%
Saksa
96%
Ranska
96%
Kiina
95%
Viro
95%
Espanja
95%
Kanada
94%
Liettua
94%
Yhdysvallat
94%
Latvia
94%
Islanti
94%
Tanska
94%
Yhdistynyt
kuningaskunta
93%
Australia
93%
Japani
93%
Portugali
92%
Irlanti
92%
Puola
90%
Intia
90%
Brasilia
89%
Turkki
89%
Kreikka
89%
Meksiko
89%
Alankomaat
88%
Egypti
87%
Valko-Venäjä
86%
Ukraina
83%
Etelä-Afrikka
83%
Irak
82%
Iran
82%
Itävalta
81%
Etelä-Korea
81%
Sveitsi
81%
Pohjois-Korea
81%
Thaimaa
80%
Uusi-Seelanti
80%
Chile
78%
Argentiina
77%
Unkari
77%
Belgia
77%
Tšekki
77%
Slovakia
76%
Mongolia
71%
Peru
71%
Kuuba
71%
Marokko
70%
Saudi-Arabia
69%
Romania
69%
Israel
67%
Madagaskar
66%
Kroatia
66%
Niger
65%
Bulgaria
65%
Indonesia
65%
Slovenia
65%
Kongon tasavalta
64%
Somalia
64%
Vietnam
64%
Kongon demokraattinen
tasavalta
64%
Kenia
60%
Kazakstan
59%
Albania
57%
Serbia
57%
Luxemburg
57%
Pakistan
57%
Libya
57%
Kolumbia
56%
Norsunluurannikko
56%
Vatikaanivaltio
56%
Filippiinit
55%
Nepal
55%
Sudan
55%
Syyria
55%
Uruguay
55%
Afganistan
55%
Bosnia ja
Hertsegovina
55%
Etiopia
55%
Nigeria
54%
Algeria
54%
Tunisia
54%
Venezuela
53%
Papua-Uusi-Guinea
53%
Malta
53%
Bolivia
52%
Monaco
51%
Paraguay
51%
Haiti
51%
Moldova
51%
Kypros
49%
Malesia
48%
Laos
48%
Andorra
48%
Panama
48%
Jamaika
48%
Sri Lanka
48%
Pohjois-Makedonia
47%
Jemen
47%
Yhdistyneet
arabiemiirikunnat
46%
Namibia
46%
Tansania
46%
Oman
45%
Myanmar
44%
Montenegro
43%
Taiwan
43%
Uzbekistan
43%
Liechtenstein
42%
Kosovo
42%
Ecuador
40%
Mali
39%
Armenia
39%
Angola
39%
San Marino
39%
Georgia
38%
Ghana
38%
Turkmenistan
38%
Bangladesh
37%
Jordania
37%
Guinea
37%
Costa Rica
36%
Dominikaaninen
tasavalta
36%
Azerbaidžan
35%
Uganda
35%
Honduras
35%
Tšad
35%
Nauru
35%
Libanon
34%
Singapore
34%
Keski-Afrikan tasavalta
34%
Zimbabwe
32%
Eritrea
32%
Sambia
32%
Liberia
32%
Malediivit
32%
Gambia
31%
Senegal
31%
Etelä-Sudan
31%
Mosambik
31%
Qatar
31%
Kuwait
30%
Kambodža
29%
Kirgisia
29%
Bahama
29%
Mauritania
29%
Nicaragua
28%
Guyana
28%
Bhutan
28%
Togo
28%
Botswana
28%
Ruanda
27%
Guatemala
27%
Kamerun
27%
Mauritius
27%
Lesotho
26%
El Salvador
25%
Suriname
25%
Tadžikistan
25%
Mikronesia
24%
Benin
24%
Kap Verde
24%
Belize
24%
Sierra Leone
24%
Fidži
23%
Itä-Timor
23%
Swazimaa
23%
Trinidad ja Tobago
22%
Barbados
22%
Malawi
22%
Bahrain
22%
Tonga
21%
Päiväntasaajan Guinea
21%
Vanuatu
21%
Burkina Faso
21%
Brunei
21%
Tuvalu
21%
Guinea-Bissau
20%
Samoa
20%
Seychellit
20%
Burundi
19%
Dominica
19%
Gabon
19%
Palau
18%
Kiribati
18%
Salomonsaaret
18%
Djibouti
18%
Marshallinsaaret
17%
Saint Lucia
17%
Saint Kitts ja Nevis
17%
Antigua ja Barbuda
16%
Komorit
15%
Grenada
15%
Saint Vincent ja
Grenadiinit
15%
São Tomé ja Príncipe
14%

Tulosjakauma

Persentiili vastausten määrän mukaan

Jokaisen tuloksen saaneiden osuus

Tuloshistoriasi

Et ole pelannut tätä visaa